| 000 | 00727cam a2200253 a 4500 | ||
|---|---|---|---|
| 001 | 0000003621 | ||
| 005 | 20170406115156.0 | ||
| 008 | 920303s1993 maua b 001 0 eng | ||
| 010 | _a 92009839 | ||
| 020 | _a0205135927 | ||
| 035 | _9(DLC) 92009839 | ||
| 040 |
_aDLC _cDLC _dDLC |
||
| 050 | 0 | 0 |
_aPN4181 _b.V36 1993 |
| 082 | 0 | 0 |
_a808.53 _220 |
| 100 | 1 | _aVancil, David L. | |
| 245 | 1 | 0 |
_aRhetoric and argumentation / _cDavid L. Vancil. |
| 260 |
_aNew york : _bMcGraw-hill, _cc1998. |
||
| 300 |
_axi, 337p. : _bill. ; _c25 cm. |
||
| 504 | _aIncludes bibliographical references and index. | ||
| 650 | 0 | _aDebates and debating. | |
| 650 | 0 | _aPersuasion (Rhetoric) | |
| 650 | 0 | _aRhetoric. | |
| 908 | _a140627 | ||
| 999 |
_c3493 _d3493 |
||